000 00726nam a2200241 a 4500
008
020 _a0256109745 (cased)
049 _aMAIN
090 _aHF1017
100 1 _aSiegel, Andrew F.
245 1 0 _aPractical business statistics /
_cAndrew F. Siegel.
250 _a2nd ed.
260 _aBurr Ridge, Ill. :
_bIrwin,
_cc1994.
300 _axxviii, 820 p. ;
_c24 cm.
500 _aIncludes index.
650 0 _aIndustrial management
_xStatistical methods.
700 1 _aSiegel, Andrew F.
_tPractical business statistics with STATPAD.
907 _a.b10074971
_b21-07-03
_c17-04-03
003
005 20230123133345.0
040 _cNUST
942 _cBOOKS
_kHF1017
999 _c147176
_d147176